| 000 | 00846nam a2200241 i 4500 | ||
|---|---|---|---|
| 001 | 54689 | ||
| 003 | ES-MaACL | ||
| 005 | 20230906163012.0 | ||
| 007 | t| | ||
| 008 | 040112s2002 sp ||||0|dspa d | ||
| 020 | _a84-03-09319-5 | ||
| 080 | _a94(460)"1936/39"(093.3) | ||
| 080 | _a94(460)"1939/55"(093.3) | ||
| 245 | 0 | 4 |
_aLos años difíciles : _bel testimonio de los protagonistas anónimos de la guerra civil y la posguerra / _cedición de Carlos Elordi. |
| 250 | _a1ª ed. | ||
| 260 |
_aMadrid : _bAguilar, _c2002. |
||
| 300 |
_a342 p ; _c24 cm. |
||
| 594 | _aPrecede al tít.: Hoy por hoy presenta. | ||
| 651 | 4 |
_aEspaña- _xHistoria- _y1936-1939, Guerra civil- _vRelatos personales. _98326 |
|
| 651 | 4 |
_aEspaña- _xHistoria- _y1939-1955- _vRelatos personales. _98330 |
|
| 700 | 1 |
_aElordi, Carlos. _947072 |
|
| 852 | 4 |
_aES-MaACL _jL-26767 |
|
| 999 |
_c54689 _d54689 |
||